| 000 | 01931nam0a2200361 4500 | ||
|---|---|---|---|
| 001 | RU\NLR\bibl\477503 | ||
| 005 | 20260407101306.0 | ||
| 010 |
_a5-94950-008-3 _91000 |
||
| 021 |
_aRU _b2003-61039 _92987 |
||
| 035 | _a(NLR Aleph) 000470476 | ||
| 090 |
_a990465 _c990465 |
||
| 100 | _a20040106d2003 |||y0rusy50 ca | ||
| 101 | 0 | _arus | |
| 102 | _aRU | ||
| 105 | _aa ||||||||| | ||
| 200 | 1 |
_aКалендарные праздники и обряды марийцев _e[Сб. ст.] _fМарийс. НИИ яз., лит. и истории им. В. М. Васильева при Правительстве Респ. Марий Эл _g[Сост.: О. А. Калинина _gОтв. ред.: Н.С. Попов] |
|
| 210 |
_aЙошкар-Ола _cМарНИИ _d2003 |
||
| 215 |
_a285 с., [9] л. ил., портр. _cил. _d23 |
||
| 225 | 1 |
_aЭтнографическое наследие _vвып. 1 |
|
| 300 | _aТекст на рус. и марийс. яз. | ||
| 320 | _aБиблиогр. в подстроч. примеч. | ||
| 606 | 1 |
_aОбычаи и обряды календарные марийские _jСборники _92211461 _3RU\NLR\AUTH\6601562325 |
|
| 686 | _aТ52(235=М)-524.1я43 | ||
| 702 | 1 |
_4220 _8rus _7ca _aКалинина _bО. А. _cэтнолог _gОльга Александровна _3RU\NLR\AUTH\7737862 _920850 |
|
| 702 | 1 |
_4340 _8rus _7ca _aПопов _bН. С. _cканд. ист. наук _gНикандр Семенович _3RU\NLR\AUTH\7737865 _920853 |
|
| 712 | 0 | 2 |
_4570 _aМарийский НИИ языка, литературы и истории им. В. М. Васильева _cЙошкар-Ола _3RU\NLR\AUTH\889928664 _9352903 |
| 801 | 0 |
_aRU _bNLR _c20040106 _gPSBO |
|
| 801 | 1 |
_aRU _bNLR _c20040106 |
|
| 852 |
_aNLR _bОНЛ _jМар.л./3-2473 |
||
| 942 | _cBOOK | ||
| 980 | _aNB | ||